Plastic planet (Registro nro. 165978)

Detalles MARC
000 -ENCABEZADO
Número de control [NR] 02122nam a22003257a 4500
005 - FECHA Y HORA DE LA ÚLTIMA TRANSACCIÓN
control field 20170608110955.0
008 - DE LONGITUD FIJA DE DATOS DE ELEMENTOS - INFORMACIÓN GENERAL
Elementos de longitud fija [NR] 110125s2011 nyu099 g vleng d
040 ## - FUENTE DE CATALOGACION [NR]
Agencia de catalogación original [NR] Co-BoUCM
Quien Cataloga
Quien Clasifica Aldemar Mondragón
092 ## - SIGNATURA TOPOGRAFICA LOCAL
Número de clasificación local DVD 1249
041 ## - CODIGO DE IDIOMA [R]
Código de idioma para texto/pista de sonido o título separado [R] Inglés
245 00 - MENCION DE TITULO [NR]
Título [NR] Plastic planet
Medio físico [NR] DVD
Mención de responsabilidad, etc. [NR] producción de Thomas Bogner, Daniel Zuta ; escrita y dirigida por Werner Boote
260 ## - PUBLICACION, DISTRIBUCION, ETC. (PIE DE IMPRENTA) [R]
Lugar de publicación, distribución, etc. [R] New York, NY
Nombre del editor, distribuidor, etc. [R] First Run Features
Fecha de publicación, distribución, etc. [R] 2011
300 ## - DESCRIPCION FISICA [R]
Extensión [R] 1 DVD (99 minutos)
508 ## - NOTA DE CREDITOS DE CREACION/PRODUCCION [R]
Nota de créditos de creación/producción [NR] fotográfia de Thomas Kirschner
511 0# - NOTA DE PARTICIPANTE O INTERPRETE [R]
Nota de participante o intérprete [NR] Narración Werner Boote, David Nathan, Marc Jeffreys
520 0# - NOTA DE RESUMEN, ETC. [R]
Nota de sumario, etc. [NR] El plástico, que se ha vuelto omnipresente en nuestra vida cotidiana, tiene sobre nuestra salud y sobre el ecosistema efectos devastadores que no alcanzamos a sospechar: está presente en la ropa que vestimos, se filtra inadvertidamente en la comida que ingerimos (desde los envases) y a veces incluso lo introducimos voluntariamente en nuestro cuerpo en forma de silicona. Nieto de un pionero de la industria, educado en los supuestos beneficios de la era del plástico, Boote dedicó diez años a investigar cómo este derivado del petróleo está destruyendo nuestro mundo, exponiendo rigurosos argumentos, entrevistando a toda clase de científicos y enfrentándose a uno de los capos del mercado. El efecto de su trabajo es desolador: después de verlo, ya nadie querrá volver a tomar el agua de una botellita desechable.
538 ## - NOTA DE DETALLES DEL SISTEMA [R]
Nota de detalles del sistema [NR] DVD, region 1, NTSC, wide screen
546 ## - NOTA DE IDIOMA [R]
Nota de idioma [NR] Audio en inglés y aleman. Subtitulos en inglés
650 #7 - ASIENTO SECUNDARIO DE MATERIA - TERMINO TEMATICO [R]
Término temático o nombre geográfico como elemento de entrada [NR] Industria del plástico
9 (RLIN) 36686
Subdivisión de forma [R] DVD
650 #7 - ASIENTO SECUNDARIO DE MATERIA - TERMINO TEMATICO [R]
Término temático o nombre geográfico como elemento de entrada [NR] Plásticos
Subdivisión general [R] Aspectos ambientales
9 (RLIN) 36685
Subdivisión de forma [R] DVD
650 #7 - ASIENTO SECUNDARIO DE MATERIA - TERMINO TEMATICO [R]
Término temático o nombre geográfico como elemento de entrada [NR] Plásticos
Subdivisión general [R] Biodegradación
9 (RLIN) 36687
Subdivisión de forma [R] DVD
690 ## - ASUNTO AGREGADO LOCAL DE ENTRADA - TÉRMINO TEMÁTICO (OCLC, RLIN)
Acceso temático local Medio ambiente
700 1# - ASIENTO SECUNDARIO - NOMBRE PERSONAL [R]
Nombre personal [NR] Bogner, Thomas
9 (RLIN) 36698
Término de relación [R] director
700 1# - ASIENTO SECUNDARIO - NOMBRE PERSONAL [R]
Nombre personal [NR] Boote, Werner
Fechas asociadas con el nombre [NR] 1965-
9 (RLIN) 36700
700 1# - ASIENTO SECUNDARIO - NOMBRE PERSONAL [R]
Nombre personal [NR] Kirschner, Thomas
Término de relación [R] fotografías
9 (RLIN) 36891
700 1# - ASIENTO SECUNDARIO - NOMBRE PERSONAL [R]
Nombre personal [NR] Zuta, Daniel
9 (RLIN) 36699
856 ## - LOCALIZACION Y ACCESO ELECTRONICOS [R]
Nota dirigida al público [R] Ver el trailer
Identificador Uniforme del Recurso (“URI”) [R] <a href="http://www.youtube.com/watch?v=a7X-J1DhfjE">http://www.youtube.com/watch?v=a7X-J1DhfjE</a>
856 04 - LOCALIZACION Y ACCESO ELECTRONICOS [R]
Identificador Uniforme del Recurso (“URI”) [R] <a href="http://www.youtube.com/watch?v=a7X-J1DhfjE">http://www.youtube.com/watch?v=a7X-J1DhfjE</a>
Nota dirigida al público [R] Siga este vínculo para ver el trailer.
942 ## - ELEMENTOS DE ENTRADA AGREGADOS (KOHA)
Source of classification or shelving scheme LOCAL
Koha item type Multimedia
Existencias
Suprimido Perdido Sistema de clasificación Dañado No prestable Tipo de ítem específico Ubicación habitual Ubicación actual Localización Fecha de creación Forma de adquisición Costo Signatura topográfica Código de barras Última vez visto Ejemplar Costo de reposición Price effective from Tipo de ítem Total préstamos Fecha de último préstamo
    LOCAL   Préstamo restringido DVD Procesos Técnicos (no para préstamo) Procesos Técnicos (no para préstamo) Procesos Técnicos 26/04/2013 Compra 57249.00 DVD 1249 100132162 09/12/2025 Ej.1 57249.00 26/04/2013 Multimedia    
    LOCAL     DVD Quinta de Mutis Quinta de Mutis Colección digital 02/05/2013 Donación 26000.00 DVD 1249 100133853 12/12/2025 Ej.2   02/05/2013 Multimedia 2 16/04/2015